| 000 | 00735cam a2200253 4500 | ||
|---|---|---|---|
| 008 | 000000n2001 000 0 eng u | ||
| 020 | _a0860175340 | ||
| 035 | _a(Sirsi) u110989 | ||
| 050 | _a624.08 | ||
| 100 | _aLafford, G. | ||
| 245 | _aCivil engineering design and construct : a guide to intergrating design into the construction process. | ||
| 260 |
_aLondon _bCIRIA _c2001 |
||
| 300 | _a92p. ; 30cm. | ||
| 490 |
_aCIRIA _v534 |
||
| 650 | _aDESIGN AND CONSTRUCT CONTRACTS | ||
| 650 | _aENGINEERING | ||
| 650 | _aDESIGN | ||
| 650 | _aCONSTRUCTION PROJECTS | ||
| 650 | _aProcurement-old | ||
| 690 | _aBUILT ENVIRONMENT-ENGINEERING-CIVIL ENGINEERING | ||
| 700 | _aPenny, C. | ||
| 700 | _aO'Hanna, S. | ||
| 942 | _n0 | ||
| 999 |
_c101174 _d101174 |
||